|
|
|
|
| LEADER |
00000ntmaa2200000 a 4500 |
| 001 |
vtls012246069 |
| 003 |
SK-MaSNL |
| 005 |
20260302045844.0 |
| 008 |
231212s1902 xo || 000 1 slo |
| 040 |
|
|
|a SNK
|b slo
|c SNK
|e AACR2
|
| 041 |
0 |
|
|a slo
|
| 044 |
|
|
|a xo
|c SK
|
| 072 |
|
7 |
|a 37
|x Výchova a vzdelávanie
|2 konspekt
|
| 080 |
|
|
|a 025.171
|2 2011
|
| 080 |
|
|
|a 37.01/.09
|2 2011
|
| 080 |
|
|
|a 2-184.3
|2 2011
|
| 080 |
|
|
|a 27-23
|2 2011
|
| 100 |
1 |
|
|a Uram-Podtatranský, Rehor,
|d 1846-1924
|4 aut
|9 115423
|
| 245 |
1 |
0 |
|a Poznaj sám seba!
|c napísal: Rehor Uram-Podtatranský
|
| 246 |
3 |
4 |
|a Poznaj sám seba!
|b úvahy a pokyny životné : dľa mnohých napísal Rehor Uram-Podtatranský správca-učiteľ
|
| 260 |
|
|
|a [Liptovský Mikuláš]
|c 1902
|
| 300 |
|
|
|a 71 nečíslovaných strán
|b rukopis, viazaný
|c 21 cm
|
| 500 |
|
|
|a Na obálke číslo 112 napísané ceruzou
|
| 520 |
2 |
|
|a Výchovno-vzdelávacia práca v náboženskom duchu; obsahuje spevy z Biblie
|
| 555 |
0 |
|
|a Inventár rukopisov Literárneho archívu Matice slovenskej VIII. Fondy 31 - 41. Martin : Matica slovenská 1979
|
| 561 |
|
|
|a Okrúhla pečiatka: Literárny archív Matice slovenskej Martin
|
| 561 |
|
|
|a Okrúhla pečiatka: Matica slovenská Martin Archív literatúry a umenia
|
| 630 |
0 |
7 |
|a Biblia
|2 SNKPHunif
|9 17043
|
| 650 |
0 |
7 |
|a výchova a vzdelávanie
|2 SNKPH
|9 1684
|
| 650 |
0 |
7 |
|a náboženská viera
|2 SNKPH
|9 67877
|
| 655 |
|
7 |
|a rukopisy
|2 SNKPH
|9 70548
|
| 655 |
|
7 |
|a odborné publikácie
|2 SNKPH
|9 60423
|
| 852 |
|
|
|a SNK
|b Literárny archív
|
| 958 |
|
|
|a OF
|
| 958 |
|
|
|a LAVD
|
| 999 |
|
|
|c 1095021
|d 1096951
|
| 952 |
|
|
|a SNKLA
|b SNKLA
|c SNKLA_DEP
|y NEVYP
|7 0
|p 17A1230705
|o snk34 F 41
|0 0
|1 0
|4 0
|d 2023-12-12
|f 1
|l 0
|r 2026-02-24 17:10:53
|w 2026-02-24
|